Biotechnology and biochemical weapons (Registro nro. 12734)

Detalles MARC
000 -CABECERA
Campo de control 004460000a22001570004500
090 ## - CLASIFICACIÓN LOCAL
Colección AR
Consecutivo 03687
041 0# - IDIOMA
Código de idioma para texto/pista de sonido o título separado
100 1# - ASIENTO PRINCIPAL--NOMBRE PERSONAL
Nombre personal Wheelis, Mark
245 10 - MENCION DE TITULO
Título Biotechnology and biochemical weapons
500 ## - NOTA GENERAL
Nota general <Colección Recursos Genéticos>
650 14 - ASIENTO SECUNDARIO DE MATERIA - TERMINO TEMATICO
Término temático o nombre geográfico como elemento de entrada Revolución farmacológica
650 14 - ASIENTO SECUNDARIO DE MATERIA - TERMINO TEMATICO
Término temático o nombre geográfico como elemento de entrada Genética
650 14 - ASIENTO SECUNDARIO DE MATERIA - TERMINO TEMATICO
Término temático o nombre geográfico como elemento de entrada Bioquímica
773 1# - Item fuente:
Título Nonproliferation Review
Descripción física 1
Paginas del Articulo 48-53
Lugar, editorial y fecha de publicación 202
Información sobre la relación 9
942 ## - ELEMENTOS ADICIONALES (KOHA)
Tipo de ítem Artículo
Existencias
Withdrawn status Lost status Damaged status No para préstamo Colección Ubicación Permanente Ubicación actual Fecha de adquisición Fuente de Valor Datos de publicación Seriada Total Checkouts Número topográfico Inventario / Código de Barras Date last seen Price effective from Forma de adquisición Tipo de material
      No para Préstamo Hemeroteca Bogotá Bogotá 27/02/2015 Rincón, Martha Fuera de circulación   AR 03687 017264 25/03/2015 25/03/2015   Artículo